| 000 | 01610nam a22003497a 4500 | ||
|---|---|---|---|
| 005 | 2012101000580.0 | ||
| 008 | 121010t xxu||||| |||| 00| 0 eng d | ||
| 010 | _aENG-106056 | ||
| 020 |
_a9781259027420 _c750.00 |
||
| 020 |
_a1259027422 _c750.00 |
||
| 035 | _aEN-89589 | ||
| 037 | _bDBAD/PUB | ||
| 040 |
_aDPL _bEng |
||
| 050 | 0 | 0 | _aQA911 |
| 082 | 0 | 0 |
_a629.132323 _221 |
| 100 | 1 |
_aAnderson, John David _953003 |
|
| 245 | 1 | 0 |
_aModern compressible flow : _bwith historical perspective / _cby John D. Anderson, Jr. |
| 250 | _a3rd ed | ||
| 260 |
_aNew Delhi _bTata McGraw-Hill _c2012 |
||
| 270 |
_a7 West Patel Nagar _bNew Delhi _e110008 |
||
| 300 |
_axvi,760p. : _bill. _c25cm(pbk) |
||
| 490 |
_aMcGraw-Hill series in aeronautical and aerospace engineering _953006 |
||
| 500 | _aIncludes bibliographical references (p. 745-750) and index. | ||
| 650 | 0 |
_aFluid dynamics. _953004 |
|
| 650 | 0 |
_aGas dynamics. _953005 |
|
| 856 | 4 | 2 |
_3Publisher description _uhttp://www.loc.gov/catdir/description/mh024/2002067852.html |
| 856 | 4 | 1 |
_3Table of contents _uhttp://www.loc.gov/catdir/toc/mh023/2002067852.html |
| 856 | 4 | 2 |
_3Contributor biographical information _uhttp://www.loc.gov/catdir/enhancements/fy0737/2002067852-b.html |
| 942 |
_2ddc _cEN _h629.132323 _mAND |
||
| 999 |
_c70753 _d70753 |
||